| 000 | 00815cab a2200253 4500 | ||
|---|---|---|---|
| 001 | WB3407-56 | ||
| 008 | 090401t1998 xxu||||| |||| 00| 0 eng d | ||
| 035 | _a(Sirsi) u84300 | ||
| 041 | _aeng | ||
| 245 | _aTransport White paper | ||
| 260 | _c1998 | ||
| 350 | _a0 | ||
| 490 |
_aEstates Gazette _v(9807) 14 February 1998, 43(1) |
||
| 520 | _aGovernment`s transport White Paper due in May will include measures to curb car use. The British Council of Shopping Centres has warned in a report that that could kill off town centres. | ||
| 650 | _aBRITISH COUNCIL OF SHOPPING CENTRES | ||
| 650 | _aCAR USE | ||
| 650 | _aTOWN CENTRES | ||
| 650 | _aTRAFFIC REDUCTION | ||
| 650 | _aTRANSPORT POLICY | ||
| 650 | _aWHITE PAPER | ||
| 690 | _aTRANSPORT AND COMMUNICATIONS | ||
| 942 | _n0 | ||
| 948 | _c17/02/1998 | ||
| 999 |
_c52971 _d52971 |
||